MARC details
| 000 -CABECERA |
| campo de control de longitud fija |
01066cam a2200277 a 4500 |
| 001 - NÚMERO DE CONTROL |
| campo de control |
000017986 |
| 005 - FECHA Y HORA DE LA ÚLTIMA TRANSACCIÓN |
| campo de control |
20200929165314.0 |
| 008 - DATOS DE LONGITUD FIJA--INFORMACIÓN GENERAL |
| campo de control de longitud fija |
740107s1966 pr b 000 p spa d |
| 025 ## - NÚMERO DE ADQUISICIÓN EXTRANJERO |
| Número de adquisición extranjero |
LACAP68-1502 |
| 035 ## - NÚMERO DE CONTROL DEL SISTEMA |
| Número de control de sistema |
(DLC) 68083805 |
| 035 ## - NÚMERO DE CONTROL DEL SISTEMA |
| Número de control de sistema |
(OCoLC)771427 |
| 040 ## - FUENTE DE LA CATALOGACIÓN |
| Centro catalogador/agencia de origen |
DO-SdBNP |
| Centro/agencia transcriptor |
VtU |
| Centro/agencia modificador |
OCoLC |
| -- |
CNE |
| -- |
DLC |
| -- |
BNPHU |
| 042 ## - CÓDIGO DE AUTENTICACIÓN |
| Código de autenticación |
premarc |
| 082 ## - NÚMERO DE LA CLASIFICACIÓN DECIMAL DEWEY |
| Número de clasificación |
PR863.44 |
| Número de documento/Ítem |
H558p |
| 049 ## - FONDOS LOCALES (OCLC) |
| Fondos de biblioteca |
BNGR |
| 100 1# - ENTRADA PRINCIPAL--NOMBRE DE PERSONA |
| Nombre de persona |
Hernández Aquino, Luis |
| Fechas asociadas al nombre |
1907- |
| 9 (RLIN) |
38992 |
| 245 10 - MENCIÓN DE TÍTULO |
| Título |
Poetas de Lares : |
| Resto del título |
antología / |
| Mención de responsabilidad, etc. |
Selección y prólogo de Luis Hernández Aquino. |
| 260 ## - PUBLICACIÓN, DISTRIBUCIÓN, ETC. |
| Lugar de publicación, distribución, etc. |
San Juan, Puerto Rico : |
| Nombre del editor, distribuidor, etc. |
Instituto de Cultura Puertorriqueña, Centro Cultural de Lares, |
| Fecha de publicación, distribución, etc. |
1966. |
| 300 ## - DESCRIPCIÓN FÍSICA |
| Extensión |
123 p. ; |
| Dimensiones |
22 cm. |
| 500 ## - NOTA GENERAL |
| Nota general |
Incluye bocetos bio-bibliográficas de los autores. |
| 650 #4 - PUNTO DE ACCESO ADICIONAL DE MATERIA--TÉRMINO DE MATERIA |
| Término de materia o nombre geográfico como elemento de entrada |
Poestas puertorriqueños |
| Subdivisión general |
Biografías |
| 9 (RLIN) |
38993 |
| 650 #4 - PUNTO DE ACCESO ADICIONAL DE MATERIA--TÉRMINO DE MATERIA |
| Término de materia o nombre geográfico como elemento de entrada |
Poestas puertorriqueños |
| Subdivisión general |
Crítica e interpretación |
| 9 (RLIN) |
38994 |
| 650 #4 - PUNTO DE ACCESO ADICIONAL DE MATERIA--TÉRMINO DE MATERIA |
| Término de materia o nombre geográfico como elemento de entrada |
Poesía puertorriqueña |
| Subdivisión general |
Historia y crítica |
| 9 (RLIN) |
8219 |
| 650 #4 - PUNTO DE ACCESO ADICIONAL DE MATERIA--TÉRMINO DE MATERIA |
| Término de materia o nombre geográfico como elemento de entrada |
Literaturas puertorriqueña |
| Subdivisión general |
Historia y crítica |
| 9 (RLIN) |
38995 |
| 910 ## - DATOS DE OPCIÓN DEL USUARIO (OCLC) |
| Datos de opción del usuario |
Catalogación por copia / LC |